| 000 | 00697nam a2200229Ii 4500 | ||
|---|---|---|---|
| 003 | JO-AjNU | ||
| 008 | 230605s9999||||xx |||||||||||||| ||und|| | ||
| 017 | _a2017/5/2494 | ||
| 020 | _a978-9957-18-635-7 | ||
| 040 |
_aJO-AjNU _bara _erda _cJO-AjNU |
||
| 041 | _aara | ||
| 050 | 1 | 4 | _aD16.Z396 2018 |
| 100 | 3 |
_aتاليف الزيدي، مفيد كاصد, _eauthor _960264 |
|
| 245 | 0 | 0 | _aمنهج البحث التاريخي |
| 250 | _aط1 | ||
| 264 | 3 | 1 | _aعمان: دار المناهج، 2018 |
| 300 | _a194ص | ||
| 336 |
_atext _btxt _2rdacontent |
||
| 337 |
_aunmediated _bn _2rdamedia |
||
| 338 |
_avolume _bnc _2rdacarrier |
||
| 650 | 4 |
_aمناهج البحث - التاريخ _960265 |
|
| 999 |
_aA27165 _c30733 _d30733 |
||